书目信息 |
| 题名: |
材料成形工艺基础
|
|
| 作者: | 童幸生 主编 | |
| 分册: | ||
| 出版信息: | 武汉 华中科技大学出版社 2019.08 |
|
| 页数: | 261页 | |
| 开本: | 26cm | |
| 丛书名: | 普通高等教育新工科系列规划教材 | |
| 单 册: | ||
| 中图分类: | TB3 | |
| 科图分类: | ||
| 主题词: | 工程材料--gong cheng cai liao--成型--生产工艺--高等教育--教材 | |
| 电子资源: | ||
| ISBN: | 978-7-5680-5515-4 | |
| 000 | 01267nam 2200301 450 | |
| 001 | 202020140243 | |
| 005 | 20200926181352.0 | |
| 010 | @a978-7-5680-5515-4@dCNY49.80 | |
| 100 | @a20200918d2019 em y0chiy50 ea | |
| 101 | 0 | @achi |
| 102 | @aCN@b420000 | |
| 105 | @aa a 000yy | |
| 106 | @ar | |
| 200 | 1 | @a材料成形工艺基础@Acai liao cheng xing gong yi ji chu@f主编童幸生 |
| 205 | @a第2版 | |
| 210 | @a武汉@c华中科技大学出版社@d2019.08 | |
| 215 | @a261页@c图@d26cm | |
| 225 | 2 | @a普通高等教育新工科系列规划教材@Apu tong gao deng jiao yu xin gong ke xi lie gui hua jiao cai |
| 225 | 2 | @a暨智能制造领域人才培养“十三五”规划教材@Aji zhi neng zhi zao ling yu ren cai pei yang “ shi san wu ” gui hua jiao cai@i专业基础课 |
| 320 | @a有书目 | |
| 330 | @a本书共六章, 内容包括铸造成形工艺、金属的压力加工成形、焊接成形工艺、非金属材料的成形、材料成形方法的选择以及快速成形技术。每章附有适量的复习思考题。 | |
| 410 | 0 | @12001 @a普通高等教育新工科系列规划教材 |
| 410 | 0 | @12001 @a暨智能制造领域人才培养“十三五”规划教材@i专业基础课 |
| 606 | 0 | @a工程材料@Agong cheng cai liao@x成型@x生产工艺@x高等教育@j教材 |
| 690 | @aTB3@v5 | |
| 701 | 0 | @a童幸生@Atong xing sheng@c(工程材料)@4主编 |
| 801 | 0 | @aCN@c20190917 |
| 905 | @a河南城建学院图书馆@dTB3@eT863 | |
| 材料成形工艺基础/主编童幸生.-第2版.-武汉:华中科技大学出版社,2019.08 |
| 261页:图;26cm.-(普通高等教育新工科系列规划教材).-(暨智能制造领域人才培养“十三五”规划教材.专业基础课) |
| ISBN 978-7-5680-5515-4:CNY49.80 |
| 本书共六章, 内容包括铸造成形工艺、金属的压力加工成形、焊接成形工艺、非金属材料的成形、材料成形方法的选择以及快速成形技术。每章附有适量的复习思考题。 |
| ● |
| 相关链接 |
|
|
|
正题名:材料成形工艺基础
索取号:TB3/T863
 
预约/预借
| 序号 | 登录号 | 条形码 | 馆藏地/架位号 | 状态 | 备注 |
| 1 | 1490475 | 214904754 | 自科库501/501自科库 9排1列2层/ [索取号:TB3/T863] | 在馆 |